The management of marine fisheries
Gespeichert in:
| 1. Verfasser: | |
|---|---|
| Format: | Buch |
| Sprache: | Englisch |
| Veröffentlicht: |
Seattle
University of Washington Press
1974
|
| Schlagworte: | |
| Tags: |
Tag hinzufügen
Keine Tags, Fügen Sie den ersten Tag hinzu!
|
MARC
| LEADER | 00000nam a2200000 a 4500 | ||
|---|---|---|---|
| 001 | UCV5182 | ||
| 003 | CL-VaPUC | ||
| 008 | 920824e19740000US |||||||||||||||||eng|d | ||
| 082 | 0 | 4 | |a 639.2068 |b GUL |2 21 |
| 100 | |a Gulland, J. A |e author |9 331688 | ||
| 245 | 1 | 4 | |a The management of marine fisheries |
| 300 | |a 198 p | ||
| 942 | |c BK | ||
| 945 | |d 19920824 00:00:00 | ||
| 260 | |a Seattle |b University of Washington Press |c 1974 | ||
| 650 | 7 | |a INDUSTRIA PESQUERA ADMINISTRACION |2 CL-VaPUC |9 261182 | |
| 583 | |a last modification |c 19920824 00:00:00 |k Rodrigo Vera | ||
| 999 | |c 211770 |d 211768 | ||
| 952 | |0 0 |1 0 |4 0 |6 639_206800000000000_GUL_1974 |7 0 |8 CCM |9 191671 |a BIBCUR |b BIBCUR |d 2019-11-14 |i 2592045 |o 639.2068 GUL 1974 |p 2592045 |r 2025-04-22 |w 2019-11-14 |y BK |k CIM | ||